| 000 | 01467cac a2200265 a 4500 | ||
|---|---|---|---|
| 003 | Co-PeBPM | ||
| 005 | 20260407094807.0 | ||
| 008 | 231129s1977||||ck a||||||||||||| ||spa|| | ||
| 020 | _a84-226-0846-4 | ||
| 040 |
_aCo-PeBPM _bspa _cCo-PeBPM _drda |
||
| 041 | _aspa | ||
| 082 | 0 | 4 |
_a001.94 D186m _222 |
| 100 | 1 |
_aDaniken Erich Von _eautor |
|
| 245 | 1 | 0 |
_aEl mensaje de los dioses _cErich Von Daniken autor/ J. Lopez Traductor |
| 264 |
_a: Valencia, España _b: Circulo de lectores _c, 1977 |
||
| 300 |
_a255 paginas _b; ilustraciones a blanco y negro _c; 20 centímetros |
||
| 500 | _aIncluye Bibliografía | ||
| 520 | 3 | _aEl mensaje de los dioses de Erich von Däniken plantea que muchos mitos, textos religiosos y construcciones antiguas contienen evidencias de un supuesto contacto entre los seres humanos y civilizaciones extraterrestres en el pasado; el autor interpreta relatos sagrados, monumentos y conocimientos antiguos como señales de tecnología avanzada que habría sido atribuida a dioses, cuestionando así las explicaciones tradicionales de la historia y el origen de ciertas culturas, aunque sus ideas no cuentan con respaldo científico y son consideradas pseudocientíficas. | |
| 650 | 1 | 7 |
_aHistoria _2LEMB |
| 650 | 1 | 7 |
_aCiencias sociales _2LEMB |
| 650 | 1 | 7 |
_aFilosofía _2LEMB |
| 700 | 1 |
_aLopez. J _dTraductor |
|
| 942 |
_2ddc _cBK |
||
| 999 |
_c11677 _d11677 |
||